Термическая конверсия нефтяного остатка с растительным маслом; Перспективы развития фундаментальных наук; Т. 2 : Химия

Podrobná bibliografie
Parent link:Перспективы развития фундаментальных наук=Prospects of Fundamental Sciences Development: сборник научных трудов XVII Международной конференции студентов, аспирантов и молодых ученых, г. Томск, 21-24 апреля 2020 г./ Национальный исследовательский Томский политехнический университет (ТПУ) ; под ред. И. А. Курзиной, Г. А. Вороновой.— , 2020
Т. 2 : Химия.— 2020.— [С. 107-109]
Hlavní autor: Логачева Д. Н.
Korporativní autor: Национальный исследовательский Томский политехнический университет Инженерная школа природных ресурсов Отделение химической инженерии
Další autoři: Кривцова К. Б. Ксения Борисовна (научный руководитель)
Shrnutí:Заглавие с экрана
Combined conversion of the petroleum residue produced from highly paraffinic heavy oil of the Usinsk oil field and unrefined vegetable oil. Vegetable oil is used to increase the yield of light distillates due to its structure. Conclusions are drawn on the composition of the products, depending on the amount of oil.
Jazyk:ruština
Vydáno: 2020
Témata:
On-line přístup:http://earchive.tpu.ru/handle/11683/62990
Médium: Elektronický zdroj Kapitola
KOHA link:https://koha.lib.tpu.ru/cgi-bin/koha/opac-detail.pl?biblionumber=631558

MARC

LEADER 00000naa2a2200000 4500
001 631558
005 20231101133652.0
035 |a (RuTPU)RU\TPU\conf\33259 
035 |a RU\TPU\conf\33248 
090 |a 631558 
100 |a 20200909d2020 k y0rusy50 ca 
101 0 |a rus  |d eng 
102 |a RU 
105 |a y z 100zy 
135 |a drgn ---uucaa 
181 0 |a i  
182 0 |a b 
200 1 |a Термическая конверсия нефтяного остатка с растительным маслом  |d Thermal conversion of petrolium redidue with vegetable oil  |f Д. Н. Логачева, К. Б. Кривцова  |g науч. рук. К. Б. Кривцова 
203 |a Текст  |c электронный 
230 |a 1 компьютерный файл (pdf; 187 Kb) 
300 |a Заглавие с экрана 
320 |a [Библиогр.: с. 109 (2 назв.)] 
330 |a Combined conversion of the petroleum residue produced from highly paraffinic heavy oil of the Usinsk oil field and unrefined vegetable oil. Vegetable oil is used to increase the yield of light distillates due to its structure. Conclusions are drawn on the composition of the products, depending on the amount of oil. 
461 1 |0 (RuTPU)RU\TPU\conf\32968  |t Перспективы развития фундаментальных наук  |l Prospects of Fundamental Sciences Development  |o сборник научных трудов XVII Международной конференции студентов, аспирантов и молодых ученых, г. Томск, 21-24 апреля 2020 г.  |o в 7 т.  |f Национальный исследовательский Томский политехнический университет (ТПУ) ; под ред. И. А. Курзиной, Г. А. Вороновой  |d 2020 
463 1 |0 (RuTPU)RU\TPU\conf\32970  |t Т. 2 : Химия  |v [С. 107-109]  |d 2020 
510 1 |a Thermal conversion of petrolium redidue with vegetable oil  |z eng 
610 1 |a электронный ресурс 
610 1 |a труды учёных ТПУ 
610 1 |a термическая конверсия 
610 1 |a нефтяные остатки 
610 1 |a растительные масла 
610 1 |a термолиз 
610 1 |a деструкция 
610 1 |a смолы 
610 1 |a асфальтены 
610 1 |a мазуты 
610 1 |a твердые продукты 
700 1 |a Логачева  |b Д. Н. 
701 1 |a Кривцова  |b К. Б.  |c химик  |c инженер Томского политехнического университета  |f 1988-  |g Ксения Борисовна  |2 stltpush  |3 (RuTPU)RU\TPU\pers\39078 
702 1 |a Кривцова  |b К. Б.  |c химик  |c инженер Томского политехнического университета  |f 1988-  |g Ксения Борисовна  |2 stltpush  |4 727 
712 0 2 |a Национальный исследовательский Томский политехнический университет  |b Инженерная школа природных ресурсов  |b Отделение химической инженерии  |h 8085  |2 stltpush  |3 (RuTPU)RU\TPU\col\23513 
801 2 |a RU  |b 63413507  |c 20200925  |g RCR 
856 4 |u http://earchive.tpu.ru/handle/11683/62990 
942 |c BK